000 00562cam a22002053a 4500
001 36223
003 PGUSA
005 20140828083801.0
008 110527s2011||||xxu|||||s|||||000 | eng d
040 _aPGUSA
_beng
042 _adc
100 1 _aRuck, Berta,
_d1878-1978
245 1 4 _aThe Boy with Wings
_h[electronic resource] /
_cBerta Ruck
260 _bProject Gutenberg,
_c2011
506 _aPublic domain in the USA.
516 _aElectronic text
830 0 _aProject Gutenberg
_v36223
856 4 0 _uhttp://www.gutenberg.org/ebooks/36223
942 _cEB
999 _c265478
_d265478